[Event "34th ECC Open 2018"]
[White "Grigorian, Spartak"]
[Black "Seyb, Alexander"]
[Site "Porto Carras GRE"]
[Round "5.13"]
[Annotator ""]
[Result "0-1"]
[Date "2018.10.16"]
[WhiteElo "2347"]
[BlackElo "2411"]
[PlyCount "86"]

1. d4 Nf6 2. c4 g6 3. Nc3 d5 4. Qb3 dxc4 5. Qxc4 Be6 6. Qb5+ Bd7 7. Qb3 c5 8. dxc5 Na6 9. Qa3 Rc8 10. b4 Nb8 11. Nf3 a5 12. Qxa5 Qxa5 13. bxa5 Rxc5 14. Bd2 Bg7 15. Rb1 Nc6 16. Rxb7 0-0 17. e4 Nxa5 18. Ra7 Bc6 19. Nd4 Bxe4 20. Na4 Rd5 21. Bxa5 Rxd4 22. Bc3 Rd6 23. f3 Bc2 24. Kf2 Rc8 25. Bb4 Rd4 26. Nb6 Rb8 27. Bc5 Rd2+ 28. Ke3 Bh6+ 29. f4 Rd1 30. g3 e5 31. Bg2 exf4+ 32. Ke2 Rbd8 33. Rxd1 Bxd1+ 34. Ke1 f3 35. Bxf3 Bxf3 36. Be7 Rb8 37. Bxf6 Rxb6 38. Bd4 Rb4 39. Rd7 Rc4 40. Kf2 Bg4 41. Rd8+ Bf8 42. Ke3 Rc8 43. Rd5 Ra8 0-1

[Event "34th ECC Open 2018"]
[White "Polzin, Rainer"]
[Black "Richter, Christian"]
[Site "Porto Carras GRE"]
[Round "5.13"]
[Annotator ""]
[Result "1/2-1/2"]
[Date "2018.10.16"]
[WhiteElo "2397"]
[BlackElo "2356"]
[PlyCount "66"]

1. e4 e5 2. Nf3 Nc6 3. Bb5 a6 4. Ba4 d6 5. c3 Bd7 6. d4 g6 7. 0-0 Bg7 8. d5 Nce7 9. c4 h6 10. Nc3 f5 11. exf5 gxf5 12. Bc2 Nf6 13. Nh4 0-0 14. a4 Rc8 15. a5 Qe8 16. f4 e4 17. Ba4 Kh7 18. g3 Bxa4 19. Rxa4 c6 20. Rb4 cxd5 21. Nxd5 Nexd5 22. cxd5 Qd7 23. Be3 Rf7 24. Bb6 Bh8 25. h3 h5 26. Kh2 Kh6 27. Rg1 Rh7 28. Be3 Rf7 29. Rb6 Kh7 30. Bd4 Kg8 31. Bxf6 Bxf6 32. Qxh5 Bd4 33. Rg2 Bxb6 1/2-1/2

[Event "34th ECC Open 2018"]
[White "Werle, Jan"]
[Black "Ladva, Ottomar"]
[Site "Porto Carras GRE"]
[Round "6.15"]
[Annotator ""]
[Result "1/2-1/2"]
[Date "2018.10.17"]
[WhiteElo "2527"]
[BlackElo "2500"]
[PlyCount "121"]

1. d4 Nf6 2. c4 e6 3. Nf3 d5 4. Nc3 c5 5. cxd5 Nxd5 6. e4 Nxc3 7. bxc3 cxd4 8. cxd4 Bb4+ 9. Bd2 Bxd2+ 10. Qxd2 0-0 11. Bc4 Nd7 12. 0-0 b6 13. Rfe1 Bb7 14. Rad1 Rc8 15. Bd3 h6 16. h3 Nf6 17. Bb1 Re8 18. Re3 Qc7 19. Ne5 Red8 20. Rg3 Nh5 21. Rb3 Nf6 22. Qf4 Nh5 23. Qh4 Qxe5 24. dxe5 Rxd1+ 25. Kh2 g6 26. Bd3 Rcc1 27. g3 Kg7 28. Qe7 Bc6 29. Qb4 a5 30. Qd4 b5 31. Rc3 b4 32. Rxc1 Rxc1 33. Kg2 Rc3 34. Kf1 Ba4 35. Ke2 Ra3 36. Bc4 Rc3 37. Bd3 Ra3 38. Bb1 Bb5+ 39. Kd2 Bf1 40. h4 Bb5 41. Kc1 Rc3+ 42. Kb2 Bc4 43. Qb6 Ra3 44. Qc5 Bf1 45. Bc2 Bg2 46. Qd4 Rf3 47. Qa7 Bf1 48. Bd1 Rd3 49. Bxh5 Rd2+ 50. Kc1 Rxa2 51. Bd1 a4 52. Bc2 Bc4 53. Qd4 Bb3 54. Bb1 Re2 55. Qxb4 Rxf2 56. Qc3 h5 57. Bd3 Rg2 58. Bc4 Rg1+ 59. Kb2 Rg2+ 60. Ka3 Rc2 61. Qf3 1/2-1/2

[Event "34th ECC Open 2018"]
[White "Liiva, Riho"]
[Black "Babula, Vlastimil"]
[Site "Porto Carras GRE"]
[Round "6.15"]
[Annotator ""]
[Result "1/2-1/2"]
[Date "2018.10.17"]
[WhiteElo "2456"]
[BlackElo "2522"]
[PlyCount "146"]

1. e4 c5 2. Nc3 e6 3. g3 Nc6 4. Bg2 g6 5. d3 Bg7 6. Be3 d6 7. f4 Nge7 8. Nf3 0-0 9. 0-0 b6 10. d4 d5 11. exd5 Nf5 12. Bf2 Ncxd4 13. Ne5 exd5 14. Nxd5 Bb7 15. c4 h5 16. b4 Qd6 17. bxc5 bxc5 18. Rb1 Bxd5 19. Bxd5 Rae8 20. Rb7 Bxe5 21. fxe5 Rxe5 22. Rxa7 Ne2+ 23. Kg2 Nc3 24. Qf3 Nxd5 25. cxd5 Rxd5 26. Ra6 Qxa6 27. Qxd5 Qe2 28. Qxc5 Qxa2 29. Rc1 Qe2 30. Qc3 Rd8 31. Qf3 Qb2 32. Qc3 Qe2 33. Qf3 Qa2 34. Re1 Rd2 35. Kg1 Qb2 36. Rd1 Rc2 37. Qa8+ Kh7 38. Qf3 Qa2 39. Re1 Qc4 40. Qe4 Qb3 41. Kg2 Qa2 42. Qf3 Nd4 43. Qf4 Nf5 44. Qf3 Rd2 45. Qf4 Nd4 46. Re7 Qd5+ 47. Qe4 Qxe4+ 48. Rxe4 Ne6 49. Kf1 g5 50. Re2 Rxe2 51. Kxe2 Kg6 52. h3 Kf5 53. Kf3 Ke5 54. Bb6 f5 55. Ba7 Nd4+ 56. Ke3 f4+ 57. gxf4+ gxf4+ 58. Kf2 Ke4 59. Bb6 Nf3 60. Ba7 Ne5 61. Bb6 Nd3+ 62. Kg2 Nb2 63. Bc5 Nd1 64. Bb6 f3+ 65. Kg3 Ne3 66. Bc5 h4+ 67. Kf2 Nd5 68. Bd6 Nf4 69. Be7 Nxh3+ 70. Kf1 Ng5 71. Bxg5 h3 72. Kg1 Kd3 73. Bh4 Ke2 1/2-1/2

[Event "34th ECC Open 2018"]
[White "Markgraf, Alexander"]
[Black "Valner, Uku"]
[Site "Porto Carras GRE"]
[Round "6.15"]
[Annotator ""]
[Result "1/2-1/2"]
[Date "2018.10.17"]
[WhiteElo "2502"]
[BlackElo "2236"]
[PlyCount "83"]

1. e4 e6 2. d4 d5 3. Nc3 Bb4 4. e5 c5 5. a3 Bxc3+ 6. bxc3 Qc7 7. Qg4 f6 8. Nf3 c4 9. h4 h5 10. Qf4 Nc6 11. Rb1 Nh6 12. exf6 Qxf4 13. Bxf4 gxf6 14. g3 Ng4 15. Bg2 Ne7 16. 0-0 Ng6 17. Bd2 Rb8 18. Rfe1 Kf7 19. Re2 Bd7 20. Ne1 Bc6 21. Bh3 Rbe8 22. Ng2 f5 23. f3 Nf6 24. Rbe1 Ba4 25. Bg5 Bd7 26. Kf2 Nh7 27. Bc1 Rhg8 28. Kg1 Nf6 29. Kh2 Rh8 30. Bg5 Nh7 31. Bd2 Nf6 32. Rb1 Bc6 33. Rf1 Bd7 34. Rfe1 Rhg8 35. Bg5 Rh8 36. Bc1 Rhg8 37. Bg5 Rh8 38. Kg1 Nh7 39. Bc1 Nf6 40. Kf2 Rhg8 41. Bg5 Rh8 42. Bc1 1/2-1/2

[Event "34th ECC Open 2018"]
[White "Kukk, Sander"]
[Black "Zumsande, Martin"]
[Site "Porto Carras GRE"]
[Round "6.15"]
[Annotator ""]
[Result "0-1"]
[Date "2018.10.17"]
[WhiteElo "2235"]
[BlackElo "2492"]
[PlyCount "114"]

1. b3 d5 2. e3 e5 3. Bb2 Bd6 4. c4 c6 5. cxd5 cxd5 6. Nc3 Ne7 7. Nb5 Nbc6 8. Nxd6+ Qxd6 9. Nf3 e4 10. Nd4 0-0 11. Rc1 Rd8 12. Nxc6 Nxc6 13. Bb5 Qg6 14. Kf1 Bg4 15. Qc2 Rac8 16. Qb1 Nb4 17. Bc3 Rc5 18. Bxb4 Rxb5 19. Bc5 Ra5 20. h3 Bd7 21. a4 Ra6 22. Bd4 Rc6 23. Rxc6 Qxc6 24. Qb2 Rc8 25. Kg1 f6 26. Qa3 a6 27. Qb4 Kf7 28. f4 exf3 29. gxf3 Qe6 30. Kf2 b5 31. a5 g5 32. Bc3 h5 33. Qd4 h4 34. Ke2 Rc6 35. Rh2 Qf5 36. Rh1 Re6 37. d3 Rc6 38. e4 Qe6 39. Rf1 Bc8 40. f4 dxe4 41. dxe4 Qxb3 42. Kd2 Bxh3 43. Rf3 Qa2+ 44. Bb2 Qxa5+ 45. Bc3 b4 46. Bxb4 Qa2+ 47. Ke3 Qb3+ 48. Kf2 Qc4 49. Qd2 Qxe4 50. Bc3 Bg4 51. Re3 Qxf4+ 52. Kg1 Be6 53. Qd3 Qg4+ 54. Kh2 Qf5 55. Qe2 Qf4+ 56. Kg1 g4 57. Qd3 Qf5 0-1

[Event "34th ECC Open 2018"]
[White "Meins, Gerlef"]
[Black "Nestor, Kaarel"]
[Site "Porto Carras GRE"]
[Round "6.15"]
[Annotator ""]
[Result "1-0"]
[Date "2018.10.17"]
[WhiteElo "2408"]
[BlackElo "2132"]
[PlyCount "107"]

1. Nf3 d5 2. g3 Nf6 3. Bg2 e6 4. 0-0 c5 5. c4 dxc4 6. Na3 Nc6 7. Nxc4 Be7 8. b3 0-0 9. Bb2 Qc7 10. Nfe5 Bd7 11. Nxd7 Nxd7 12. d3 Rac8 13. Qd2 Bf6 14. Rfc1 Rfd8 15. Rab1 b6 16. a3 Nd4 17. Bxd4 Bxd4 18. b4 Nf8 19. e3 Bf6 20. bxc5 Qd7 21. cxb6 axb6 22. d4 b5 23. Na5 Be7 24. Rb3 Bd6 25. Nc6 Re8 26. Qb2 e5 27. Rxb5 exd4 28. exd4 Ne6 29. a4 Nc7 30. Rb3 Qg4 31. Bf3 Qf5 32. Kg2 g5 33. Qb1 Qd7 34. h3 f5 35. Re1 h5 36. Kg1 h4 37. g4 Rxe1+ 38. Qxe1 Qf7 39. Re3 Nd5 40. Bxd5 Qxd5 41. Re8+ Rxe8 42. Qxe8+ Kg7 43. Ne7 Bxe7 44. Qxe7+ Kg6 45. Qe5 Qd8 46. Qxf5+ Kh6 47. d5 Qb8 48. a5 Qb4 49. Qe6+ Kg7 50. a6 Qb1+ 51. Kg2 Qa2 52. Qd7+ Kh6 53. a7 Qa5 54. Qc6+ 1-0

[Event "34th ECC Open 2018"]
[White "Nahkur, Madis"]
[Black "Richter, Christian"]
[Site "Porto Carras GRE"]
[Round "6.15"]
[Annotator ""]
[Result "0-1"]
[Date "2018.10.17"]
[WhiteElo "2013"]
[BlackElo "2356"]
[PlyCount "74"]

1. e4 e5 2. Nf3 Nc6 3. Bb5 a6 4. Ba4 d6 5. 0-0 Bd7 6. c3 g6 7. d3 Bg7 8. Re1 Nf6 9. Nbd2 0-0 10. Nf1 h6 11. Bd2 Re8 12. Ne3 Nh5 13. Nd5 b5 14. Bc2 Na7 15. d4 c6 16. Ne3 Nc8 17. dxe5 dxe5 18. c4 Nd6 19. cxb5 axb5 20. Bc3 Nb7 21. a4 bxa4 22. Rxa4 Rxa4 23. Bxa4 Qc7 24. Nc4 Bg4 25. h3 Rd8 26. Qxd8+ Nxd8 27. hxg4 Nf4 28. Nfxe5 Qa7 29. b3 Qc5 30. Nd7 Qa7 31. Bxg7 Kxg7 32. Nde5 Qd4 33. Nf3 Qc3 34. Rd1 Nde6 35. Nce5 Ne2+ 36. Kf1 N6d4 37. Nxd4 Nxd4 0-1

[Event "34th ECC Open 2018"]
[White "Mastrovasilis, Dimitrios"]
[Black "Werle, Jan"]
[Site "Porto Carras GRE"]
[Round "7.12"]
[Annotator ""]
[Result "1-0"]
[Date "2018.10.18"]
[WhiteElo "2595"]
[BlackElo "2527"]
[PlyCount "121"]

1. e4 e6 2. d4 d5 3. Nc3 Nf6 4. Bg5 dxe4 5. Nxe4 Nbd7 6. Nf3 Be7 7. Nxf6+ Bxf6 8. Qd2 Bxg5 9. Nxg5 Nf6 10. Be2 0-0 11. 0-0 h6 12. Nf3 b6 13. Rfd1 Bb7 14. c4 Qe7 15. Qe3 Rad8 16. Rd3 Rfe8 17. Rad1 Nd7 18. h3 c5 19. a3 Ba8 20. dxc5 Nxc5 21. Rxd8 Rxd8 22. Rxd8+ Qxd8 23. b4 Nd7 24. Ne5 Nxe5 25. Qxe5 g6 26. c5 h5 27. b5 bxc5 28. Qxc5 Qb8 29. a4 Bd5 30. a5 Qe5 31. Bf1 Qa1 32. b6 axb6 33. axb6 Qb1 34. Qb5 Qe4 35. Qd3 Qb4 36. Qb5 Qe4 37. Qb2 Bb7 38. Qe2 Qb1 39. Qb5 Qxb5 40. Bxb5 Kf8 41. h4 Ke7 42. f3 Kd6 43. Be8 Ke7 44. Bb5 Kd6 45. Kf2 Bc6 46. Ba6 Bd5 47. Bb5 Bc6 48. Ba6 Bd5 49. Ke3 f6 50. Bd3 g5 51. hxg5 fxg5 52. Be4 Bc4 53. f4 gxf4+ 54. Kxf4 Be2 55. g3 Bd1 56. Kg5 Be2 57. Kf6 Bg4 58. Bg2 Bf5 59. Bf3 Bd3 60. b7 Kc7 61. Kxe6 1-0

[Event "34th ECC Open 2018"]
[White "Babula, Vlastimil"]
[Black "Mastrovasilis, Athanasios"]
[Site "Porto Carras GRE"]
[Round "7.12"]
[Annotator ""]
[Result "1-0"]
[Date "2018.10.18"]
[WhiteElo "2522"]
[BlackElo "2503"]
[PlyCount "81"]

1. d4 d5 2. c4 e6 3. Nc3 a6 4. cxd5 exd5 5. Bf4 Nf6 6. e3 Bd6 7. Bg3 Bf5 8. Nf3 0-0 9. Be2 Bxg3 10. hxg3 Qd6 11. Ne5 Nc6 12. g4 Bg6 13. f4 Ne4 14. f5 Nxe5 15. Nxe4 dxe4 16. dxe5 Qxe5 17. 0-0 Rad8 18. Qc2 Rd6 19. fxg6 hxg6 20. Rf4 Rc6 21. Qb3 g5 22. Rf5 Qg3 23. Rxg5 Rc2 24. Qxc2 Qxe3+ 25. Kf1 Qxg5 26. Qxe4 Qf6+ 27. Kg1 Qxb2 28. Rb1 Qd2 29. Bd3 Rd8 30. Bc2 Qc3 31. Rxb7 g6 32. Rb1 Qc5+ 33. Kh2 Rd4 34. Qe8+ Kg7 35. Rb8 Kf6 36. Bb3 Qd6+ 37. g3 Kg5 38. Qxf7 Rd2+ 39. Kh3 Rh2+ 40. Kxh2 Qd2+ 41. Kh3 1-0

[Event "34th ECC Open 2018"]
[White "Malikentzos, Sotirios"]
[Black "Markgraf, Alexander"]
[Site "Porto Carras GRE"]
[Round "7.12"]
[Annotator ""]
[Result "1-0"]
[Date "2018.10.18"]
[WhiteElo "2441"]
[BlackElo "2502"]
[PlyCount "127"]

1. Nf3 Nf6 2. g3 g6 3. b3 Bg7 4. Bb2 d5 5. c4 c6 6. Bg2 a5 7. d3 0-0 8. 0-0 Re8 9. Qc2 Na6 10. a3 Bg4 11. Ne5 Be6 12. Nd2 Nd7 13. Nxd7 Bxb2 14. Qxb2 Qxd7 15. Rfc1 Qd6 16. cxd5 cxd5 17. Qc3 Qb6 18. Qe5 f6 19. Qe3 Qxe3 20. fxe3 Rac8 21. e4 dxe4 22. Bxe4 Nc5 23. b4 axb4 24. axb4 Nxe4 25. Nxe4 Rxc1+ 26. Rxc1 Rc8 27. Rxc8+ Bxc8 28. Kf2 Kf8 29. Ke3 Ke8 30. Kd4 Kd8 31. Nc5 b6 32. Na4 Kc7 33. Kd5 Bg4 34. Nc3 Kd7 35. Kc4 Kc6 36. d4 Bh3 37. d5+ Kc7 38. Kd4 Bd7 39. Ne4 Bg4 40. d6+ Kd7 41. dxe7 Kxe7 42. Nc3 Kd6 43. Nd5 Bxe2 44. Nxf6 h6 45. Nd5 b5 46. Nf4 Bg4 47. Nxg6 Ke6 48. Nf4+ Kd6 49. Ng2 Bf3 50. Ne3 Ke6 51. Kc5 Be2 52. Nc2 Ke5 53. Nd4 Bf1 54. Nxb5 Kf5 55. Nd6+ Kg4 56. Kd4 Kh3 57. Ke3 Kxh2 58. Kf2 Bg2 59. Nf5 h5 60. Ng7 h4 61. gxh4 Kh3 62. h5 Bd5 63. h6 Bg8 64. b5 1-0

[Event "34th ECC Open 2018"]
[White "Zumsande, Martin"]
[Black "Kalogeris, Ioannis"]
[Site "Porto Carras GRE"]
[Round "7.12"]
[Annotator ""]
[Result "1/2-1/2"]
[Date "2018.10.18"]
[WhiteElo "2492"]
[BlackElo "2351"]
[PlyCount "159"]

1. e4 c5 2. c3 Nf6 3. e5 Nd5 4. d4 cxd4 5. cxd4 e6 6. Nc3 d6 7. f4 dxe5 8. fxe5 Bb4 9. Qd3 f6 10. exf6 Nxf6 11. Nf3 Nc6 12. Be2 0-0 13. 0-0 e5 14. Be3 exd4 15. Qc4+ Kh8 16. Nxd4 Qe7 17. Nd5 Nxd5 18. Rxf8+ Qxf8 19. Qxd5 Qc5 20. Qe4 Qe5 21. Qxe5 Nxe5 22. Rc1 Bg4 23. Rc7 b6 24. h3 Bd6 25. Rc2 Bd7 26. Nb5 Bf8 27. Rc7 a6 28. Nc3 b5 29. Bd4 Nc6 30. Bf3 Rd8 31. Bxc6 Bxc6 32. Rxc6 Rxd4 33. Rxa6 b4 34. Nb5 Rd2 35. b3 Kg8 36. Ra8 Kf7 37. Kh2 h5 38. Kg3 Rd5 39. Rb8 Bc5 40. Kf3 Rd2 41. Rb7+ Kf6 42. Rc7 Be7 43. Ra7 h4 44. Nc7 Bc5 45. Ra5 Bg1 46. Nd5+ Kf7 47. Nf4 Rf2+ 48. Kg4 Bh2 49. Rf5+ Kg8 50. Nd5 Rxg2+ 51. Kxh4 Bd6 52. Rg5 Rd2 53. Nf6+ Kf8 54. Rd5 Rxd5 55. Nxd5 Kf7 56. Kg5 Ke6 57. Ne3 Bc5 58. Nc2 Ke5 59. Kg6 Ke4 60. Kxg7 Kd3 61. Ne1+ Kc3 62. Kf7 Bf2 63. Nf3 Kb2 64. Ne5 Bd4 65. Nd3+ Kc3 66. Nf4 Kb2 67. Nd3+ Kc3 68. Nxb4 Kxb4 69. Ke6 Ka3 70. Kd5 Bf2 71. Kc6 Be1 72. Kc5 Bf2+ 73. Kc6 Be1 74. Kb5 Kxa2 75. Ka4 Kb2 76. b4 Kc3 77. b5 Bf2 78. Ka5 Kd3 79. b6 Bxb6+ 80. Kxb6 1/2-1/2

[Event "34th ECC Open 2018"]
[White "Papadimitriou, Athanasios"]
[Black "Grigorian, Spartak"]
[Site "Porto Carras GRE"]
[Round "7.12"]
[Annotator ""]
[Result "1/2-1/2"]
[Date "2018.10.18"]
[WhiteElo "2265"]
[BlackElo "2347"]
[PlyCount "139"]

1. Nf3 Nf6 2. g3 d5 3. Bg2 b5 4. d4 Bb7 5. 0-0 e6 6. c3 c5 7. Ne5 Nbd7 8. a4 b4 9. Nxd7 Qxd7 10. Bg5 Ne4 11. Bxe4 dxe4 12. dxc5 Qxd1 13. Rxd1 Bxc5 14. cxb4 Bxb4 15. Nc3 f6 16. Be3 Ke7 17. Nxe4 Rhc8 18. Rd4 a5 19. Rad1 Bd5 20. Bd2 Rab8 21. Bxb4+ Rxb4 22. Nc3 Bc6 23. Rxb4 axb4 24. Nb5 Bxb5 25. axb5 Rb8 26. Ra1 Kd6 27. Ra7 Rg8 28. b3 Kc5 29. Rb7 Ra8 30. b6 Ra3 31. Re7 Kxb6 32. Rxe6+ Kc5 33. Re3 Ra2 34. Kg2 Rc2 35. Kf3 Kd4 36. Rd3+ Ke5 37. Ke3 g5 38. f4+ Kf5 39. h3 h5 40. Rd5+ Ke6 41. Rd4 Rc3+ 42. Rd3 Rc2 43. Kf3 gxf4 44. gxf4 h4 45. e4 f5 46. exf5+ Kxf5 47. Rd5+ Kf6 48. Kg4 Rc3 49. Rd6+ Ke7 50. Rb6 Rxb3 51. Kxh4 Rb1 52. Kg5 b3 53. Kf5 b2 54. h4 Ke8 55. h5 Ke7 56. Rb7+ Ke8 57. h6 Rh1 58. Rxb2 Rxh6 59. Kg5 Ra6 60. f5 Kf7 61. Rb7+ Kf8 62. Rh7 Kg8 63. Rc7 Kf8 64. Rd7 Rb6 65. Kf4 Rb4+ 66. Ke5 Rb5+ 67. Kf6 Rb6+ 68. Kg5 Ra6 69. f6 Ra1 70. Rd8+ 1/2-1/2

[Event "34th ECC Open 2018"]
[White "Meins, Gerlef"]
[Black "Dorfanis, Ilarion"]
[Site "Porto Carras GRE"]
[Round "7.12"]
[Annotator ""]
[Result "1-0"]
[Date "2018.10.18"]
[WhiteElo "2408"]
[BlackElo "2135"]
[PlyCount "67"]

1. Nf3 d5 2. g3 Nf6 3. Bg2 e6 4. 0-0 Be7 5. d4 b5 6. Bg5 Nbd7 7. Nbd2 0-0 8. c3 c5 9. Bxf6 Bxf6 10. e4 Bb7 11. Re1 Qb6 12. exd5 Bxd5 13. Ne5 Rad8 14. Bxd5 exd5 15. Nxd7 Rxd7 16. dxc5 Qxc5 17. Ne4 Qc6 18. Nxf6+ Qxf6 19. Qg4 Rc7 20. Rad1 a5 21. Rxd5 b4 22. cxb4 Rc2 23. Re2 Rc1+ 24. Kg2 Qc6 25. Qe4 axb4 26. Rd4 Qa6 27. b3 g6 28. Rxb4 Rd8 29. Ra4 Qb5 30. Ra8 Rxa8 31. Qxa8+ Kg7 32. Qe4 h5 33. Qe5+ Qxe5 34. Rxe5 1-0

[Event "Hans-Wild-Turnier 2018 A"]
[Site "?"]
[Date "2018.09.14"]
[Round "1"]
[White "Steffens, Olaf"]
[Black "Grigorian, Spartak"]
[Result "1-0"]
[WhiteElo "2150"]
[BlackElo "2365"]
[Annotator "Krallmann, Buchal"]
[PlyCount "89"]
[EventDate "2018.??.??"]

1. b4 d5 2. Bb2 Nf6 3. Nf3 e5 4. c4 e4 5. Nd4 dxc4 6. e3 Nbd7 7. Bxc4 Ne5 8.
Be2 Bd6 9. Nc3 O-O 10. Qb1 Bxb4 11. Nxe4 c5 (11... Nxe4 12. Qxe4 Re8 13. O-O
Nc4 14. Ne6 Bxe6 15. Bxc4 Bf8 $11) 12. Nxf6+ Qxf6 13. f4 $2 Qg6 $2 (13... Ng4
14. Nf3 (14. Bxg4 Qh4+ $19) 14... Qe7 15. Ng5 $2 (15. O-O Bxd2 $19) 15... Bxd2+
$19) 14. Qxg6 Nxg6 15. a3 Bxd2+ 16. Kxd2 Rd8 17. Rhd1 cxd4 18. Ke1 Nh4 19. Bxd4
Nxg2+ 20. Kf2 Nh4 {[#] Nach einigem Durcheinander im Mittelspiel ist jetzt ein
Endspiel entstanden, indem Olaf zunächst einen kleinen Trick vorbereitet hat
und den Bauern zurückgewinnt. Das Läuferpaar sichert ihm leichten Vorteil.}
21. Bxa7 $1 Bf5 22. Bb6 ({besser war} 22. Rxd8+ Rxd8 23. Kg3 Ng6 24. Bf3 $16 {
mit deutlichem Vorteil.} Rd3 (24... Ne7 25. Bc5 Rd7 26. e4 Be6 27. f5 Bb3 28.
Rb1 Ba2 29. Rb2 Bc4 30. Rc2 Bb5 31. Bxe7 Rxe7 32. Rc8+ Re8 33. Rxe8+ Bxe8 34.
e5 b6 35. Bd5 Kf8 36. f6 Bd7 37. h4 $14) 25. Bxb7 Rd7 26. Bc8 $16) 22... Rdc8
23. Rd2 h6 24. a4 Be4 25. a5 {fixiert die Schwäche auf b7} Rc6 26. Rad1 Rg6
27. Bf1 Nf5 28. Rd8+ Rxd8 29. Rxd8+ Kh7 30. Re8 Nd6 31. Re7 Re6 (31... Bc6 32.
Bd3 f5 $11) 32. Rxe6 fxe6 33. Bc5 Ne8 34. Bc4 Nc7 35. Bd6 Nd5 36. Bb5 Nc3 37.
Bc4 Bd5 {Mit gewohnt guter Technik hat Spartak das Endspiel in der Remisbreite
gehalten. Aber (in Zeitnot?) fällt er jetzt dem nächsten Trick von Olaf zum
Opfer ...} 38. Bd3+ {[#]} Ne4+ $4 {wickelt in ungleichfarbige Läufer ab?} (
38... Be4 39. Bf1 Bd5 $11) 39. Kf3 $1 {Der Springer ist gefesselt und geht
verloren ....} Kg8 40. Bxe4 Kf7 41. Bxd5 exd5 42. Kg4 Ke6 43. Bf8 Kf7 44. Bxg7
Kxg7 45. Kf5 1-0

[Event "Hans-Wild-Turnier 2018 A"]
[Site "?"]
[Date "2018.09.15"]
[Round "2"]
[White "Steffens, Olaf"]
[Black "Meijers, Viesturs"]
[Result "1-0"]
[WhiteElo "2150"]
[BlackElo "2454"]
[Annotator "Matthias Krallmann"]
[PlyCount "47"]
[EventDate "2018.??.??"]

1. b4 e6 2. Bb2 Nf6 3. b5 d5 4. e3 a6 5. a4 Be7 6. c4 O-O 7. Nf3 axb5 8. axb5
Rxa1 9. Bxa1 c5 10. Be2 (10. bxc6 bxc6) (10. Nc3 d4 11. exd4 cxd4 12. Na4)
10... dxc4 11. Na3 Nbd7 (11... Qa5 12. Nxc4 (12. Qc1 Ne4 13. Nxc4 Qxb5 14. Nd6
Qc6) 12... Qxb5 13. Nfe5) 12. Nxc4 b6 (12... Nb6 13. Nfe5) 13. O-O Bb7 14. Qc2
(14. d3 Kh8 15. e4) 14... Qc7 15. Nfe5 Nd5 16. f4 Ra8 17. Bh5 (17. Nxf7 Nb4 (
17... Kxf7 18. Qxh7 N5f6 19. Ne5+ Nxe5 20. fxe5 Rxa1 21. Bh5+) 18. Qb1 (18. Qb2
Rxa1 19. Nh6+ gxh6 20. Qxa1) (18. Qb3 Kxf7 19. Ne5+ Nxe5 20. fxe5+ Kg8 21.
Qxe6+ Kh8 22. Qf7 Qd8) 18... Rxa1 19. Qxa1 Kxf7 20. Qa7 Nd5 21. Bf3 $16) (17.
f5 Rxa1 18. Rxa1 Nxe5) 17... Nxe5 (17... g6 18. Nxg6 (18. Ng4 Rxa1) (18. Nxd7
Qxd7) 18... hxg6 19. Bxg6 Nf8 20. Be5 Qd8 21. f5 Nxg6 (21... fxg6 22. fxe6) 22.
fxg6 f6) 18. Bxe5 Qd8 19. f5 (19. Bxg7) 19... f6 20. fxe6 (20. Bb2 e5 21. Qb3
Kh8 22. Bf3 $14 Qd7 23. Bxe5 fxe5 24. Nxe5 Qxf5 25. Bxd5 Qxe5 26. Bxb7 Ra1)
20... fxe5 21. Bf7+ Kh8 22. Nxe5 Nf6 23. Rf4 {[#]} Qd5 $4 (23... Ra1+ 24. Kf2
g5 25. Bh5 Qd5 26. Nf7+ Kg7 27. Bf3 Ra2 $19) (23... g5 24. Rf1 Qd5 25. Nc6) 24.
Qxh7+ $1 (24. Ng6+ hxg6 25. Rh4+) 1-0

[Event "Hans-Wild-Turnier 2018 A"]
[Site "?"]
[Date "2018.09.16"]
[Round "4"]
[White "Steffens, Olaf"]
[Black "Kardoeus, David"]
[Result "0-1"]
[WhiteElo "2150"]
[BlackElo "2169"]
[Annotator "Matthias Krallmann"]
[PlyCount "62"]
[EventDate "2018.??.??"]

1. b4 e5 2. a3 d5 3. Bb2 Bd6 4. c4 dxc4 5. e3 Be6 6. Qc2 b5 7. d3 cxd3 8. Bxd3
a6 (8... c6 9. Nf3 f6 10. Bxh7 Ne7 11. Nc3 a5 12. bxa5 Nd7 13. Rd1 Bc7 14. O-O
g5 15. Ne4 Bd5 16. Nexg5 fxg5 17. Rxd5 cxd5 18. Bg6+ Kf8 19. Nxg5 Ra6 20. Nf7
Qb8 21. Nxh8 Kg7 22. Bf5 Rc6 23. Qe2 Nf6 24. f4 Kxh8 25. Bd7 Nxd7 26. Qh5+ Kg8
27. Qg4+ Rg6 28. Qxd7 Qd8 29. Qxb5 Nf5 30. fxe5 Nxe3 31. Rf2 Bxa5 32. Qd3 Qg5
33. h4 Qg4 34. h5 Qxh5 35. Re2 Bb6 36. Rxe3 Bxe3+ 37. Qxe3 Qd1+ 38. Kh2 Qc2 39.
Qh3 Qc6 40. e6 {0-1 (40) Steffens,O (2279)-Maris,I (2363) Groningen 2016}) 9.
f4 Nd7 10. Nf3 c5 11. fxe5 Be7 12. O-O Rc8 (12... Nh6 13. bxc5 Nxc5 14. Nd4 Rc8
15. Bxh7 Nb3 16. Nxe6 Rxc2 17. Nxg7+ Kf8 18. Ne6+ Ke8 19. Bxc2 fxe6 20. Bxb3
Qd3 21. Bxe6 Qxe3+ 22. Kh1 Qe2 23. Nd2 Qxd2 24. Bd7+ Qxd7 25. e6 Qd6 26. Rad1
Qb8 27. Bxh8 Ng4 28. g3 Ne3 29. Kg1 Nxd1 30. Rxd1 Qb6+ 31. Bd4 Bc5 {0-1 (31)
Steffens,O (2301)-Boe,M (2310) Werther 2016}) 13. Nc3 Nh6 14. h3 (14. bxc5 Ng4
15. Nd4 Nxc5 16. Nxe6 Nxe6 17. Rxf7 Nxe5 18. Bf5 Kxf7 19. Qe4 Bf6 20. Rd1 Qc7
21. Bxe6+ Kxe6 22. Nd5 Qc2 23. Nf4+ Ke7 24. Qb7+ Rc7 25. Nd5+ Kd6 26. Qb6+ Rc6
27. Bxe5+ Bxe5 28. Qxc6+ Qxc6 29. Nb4+ Kc7 30. Nxc6 Kxc6 {0-1 (30) Steffens,O 
(2200)-Petkov,V (2544) Penarth 2013}) 14... Qc7 $6 (14... cxb4 15. axb4 Bxb4
16. Rxa6 O-O $15) 15. bxc5 $6 (15. Ne2 O-O 16. Bxh7+ Kh8 17. Bd3 $14) 15...
Nxc5 16. Nd4 Qxe5 17. Nxe6 Qxe6 $17 18. e4 $2 Na4 $1 19. Nxa4 Rxc2 20. Bxc2 O-O
$19 21. Nc3 Qe5 22. Rad1 Rd8 23. Rxd8+ Bxd8 24. Rd1 Bb6+ 25. Kh1 Ng4 26. hxg4
Qg3 27. Rd3 Qh4+ 28. Rh3 Qe1+ 29. Kh2 Bg1+ 30. Kh1 Bf2+ 31. Kh2 Qg1# 0-1

[Event "Hans-Wild-Turnier 2018 A"]
[Site "?"]
[Date "2018.09.15"]
[Round "2"]
[White "Grigorian, Spartak"]
[Black "Kardoeus, David"]
[Result "1-0"]
[WhiteElo "2365"]
[BlackElo "2169"]
[Annotator "Spartak"]
[PlyCount "85"]
[EventDate "2018.??.??"]

1. d4 Nf6 2. Nf3 g6 3. g3 Bg7 4. Bg2 O-O 5. O-O d6 6. b3 c5 7. c4 Nc6 8. Bb2
Rb8 9. Nc3 a6 10. dxc5 dxc5 11. Na4 Nd7 12. Bxg7 Kxg7 13. Qd2 Qc7 14. Rfd1 Nce5
{[#]} 15. Qb2 (15. Qc3 {verhindert Kg8 und zwingt Schwarz zu f6. Dafür steht
die Dame im Weg und muss nochmal ziehen.} f6 (15... Kg8 16. Nxe5 Nxe5 17. Nxc5
{es gibt kein Sxc4} Qxc5 18. Rd5 $16) 16. Qe3) 15... Kg8 16. Nc3 (16. Nxe5 Nxe5
17. Nxc5 Nxc4 (17... Qxc5 $1 18. Rd5 Nxc4 $1 {In dieser Version zu spät
gesehen.}) 18. Qd4 Nd6 19. Rac1 $16 {Alle weißen Figuren stehen besser.})
16... Nf6 17. Nd5 Nxf3+ 18. Bxf3 Nxd5 19. cxd5 $14 f5 $2 {[#]} (19... Qd6 20.
e4 (20. h4 $5 {[%cal Gg1g2,Gh4h5,Gd1h1]}) (20. Qc3 b6 21. Rac1 {[%cal Ga2a3,
Gb3b4]}) 20... e5 21. dxe6 $5 Qxe6 22. e5 {[%cal Gf3d5,Gf2f4]} Re8 $1 {
verhindert den weißen Plan. Vielleicht daher ohne e4 spielen.}) 20. d6 $18 Qd7
21. Qe5 e6 22. Qxc5 Qg7 23. Qc7 Bd7 24. Bxb7 Bb5 25. Qxg7+ Kxg7 26. Bf3 e5 27.
Bd5 $6 (27. Rd2 e4 28. Bg2 Rfd8 29. Bf1 Rb6 30. Rad1 Kf6 31. Rd4 $1 {[%cal
Ge2e3] bereitet e3 besser vor.} (31. e3 Bd3 $1 32. Bxd3 Rbxd6 $16)) 27... Rfd8
(27... Bxe2 28. Re1 (28. Rd2 $1 Bb5 29. Rc1 e4 30. Rc7+ Kf6 31. Bc4 {Weiß hat
zwar nur noch einen Bauern mehr, doch die Aktivität ist zu stark.} h5 32. a4
Bxc4 33. bxc4 $18 {[%csl Gc4,Gd6]}) 28... Rb5 $1 29. Bc6 (29. Be4 $5) 29... Rc5
30. Rxe2 Rxc6 31. Rxe5 Rxd6 32. Rc1 $16) 28. Bc4 Bxc4 29. bxc4 Rbc8 30. Rac1
Rc5 31. Rc3 Kf6 32. Ra3 Rc6 (32... a5 33. Rd5 Rxd5 34. cxd5 Rxd6 35. Rxa5 $18)
33. c5 Ke6 34. Ra5 Rb8 35. Rd3 e4 36. Rb3 Rbc8 37. Rb7 h6 38. Kg2 $1 Ra8 (38...
Rxc5 39. d7 {[%cal Rc5c1]} Rd8 40. Rxc5) 39. h4 h5 40. Rg7 Kf6 41. Re7 Rac8 42.
Ra7 Rxc5 43. d7 1-0